00357nam a2200145Ia 4500008004100000020001800041082001800059100000500077245002700082260003000109300000800139650001700147650002200164700002500186140316s9999 xx 000 0 und d a9781439844540 a631.4bBRE/SO a aSoils and human health aNew YorkbCRC Pressc2013 a374 aSoil science aSoils and climate aBrevik,Eric C et al.